000 00743nam a2200241Ia 4500
003 OSt
005 20220927113522.0
006 a|||||r|||| 00| 0
007 ta
008 220926b |||||||| |||| 00| 0 eng d
024 _a87820
037 _cTextbook
040 _aRTL
_cRTL
_beng
041 _2eng
_aeng
082 _a"X9(J).2.N5, J6/TD3"
100 _aThorner Daniel
_9386109
245 0 _aAgrarian prospect in India
_b Five lectures on land reform delivered in 1955 at the Delhi School of Economics
260 _aDelhi
_bUniversity Press India
_c1956
300 _a89p.
_ccm.
650 _aIndustry
942 _h"X9(J).2.N5, J6/TD3"
_cCC
999 _c702227
_d702227